000 00400cam a2200157ua 4500
041 _aeng
_h
082 _a823.308
_bDIC/NI
100 _aDickens, Charles.
245 _aNicholas Nickleby and Mr. Squeers /
_cCharles Dickens.
_hTextual Documents
250 _a1 /
_b.
260 _aLondon :
_bLongman Green and Co ,
_c1960.
300 _a191 ; .
504 _a
942 _cBK
999 _c6847
_d6847